[Event "VIE-ch U09"]
[Site "Ho Chi Minh City"]
[Date "2014.07.14"]
[Round "3"]
[White "Dang, Tri Nang"]
[Black "Nguyen, Dat Dung"]
[Result "1-0"]
[WhiteElo "1481"]
[BlackElo "1522"]
[PlyCount "43"]
[EventDate "2014.07.13"]
[EventType "swiss"]
[EventRounds "9"]
[EventCountry "VIE"]
[SourceTitle "EXT 2016"]
[Source "ChessBase"]
[SourceDate "2015.10.08"]
[SourceVersion "1"]
[SourceVersionDate "2015.10.08"]
[SourceQuality "1"]

1. d4 d5 2. Nf3 Nf6 3. g3 Nc6 4. Bg2 Bf5 5. a3 e6 6. 0-0 h6 7. c4 Be7 8. Nc3 Ne4 9. cxd5 Nxc3 10. bxc3 exd5 11. Nd2 0-0 12. Qb3 Be6 13. Qxb7 Qd6 14. Qb5 Rab8 15. Qd3 Rfe8 16. a4 Qd7 17. e4 dxe4 18. Bxe4 Bd5 19. Qf3 Bxe4 20. Nxe4 Rb3 21. Rd1 Bb4 22. Rd3 1-0

[Event "VIE-ch U09"]
[Site "Ho Chi Minh City"]
[Date "2014.07.13"]
[Round "2"]
[White "Nguyen, Dat Dung"]
[Black "Nguyen, Thanh Vuong Phu Qua"]
[Result "0-1"]
[WhiteElo "1522"]
[BlackElo "1465"]
[PlyCount "136"]
[EventDate "2014.07.13"]
[EventType "swiss"]
[EventRounds "9"]
[EventCountry "VIE"]
[SourceTitle "EXT 2016"]
[Source "ChessBase"]
[SourceDate "2015.10.08"]
[SourceVersion "1"]
[SourceVersionDate "2015.10.08"]
[SourceQuality "1"]

1. e4 c5 2. Nf3 d6 3. Bc4 a6 4. d3 Nf6 5. Nc3 e6 6. Bg5 h6 7. Bh4 b5 8. Bb3 Be7 9. Bg3 Bb7 10. e5 dxe5 11. Bxe5 Nc6 12. Bg3 Bd6 13. Ne2 Bxg3 14. Nxg3 Nd4 15. Nxd4 Qxd4 16. c3 Qd7 17. 0-0 0-0 18. d4 cxd4 19. Qxd4 Qxd4 20. cxd4 Rfd8 21. Ne2 Ne4 22. Rfd1 Rac8 23. Rac1 Nd6 24. h3 Nc4 25. Bxc4 bxc4 26. b3 cxb3 27. axb3 Bd5 28. b4 Rxc1 29. Rxc1 Rb8 30. Rb1 Bc4 31. Nc3 Rc8 32. f3 Bd3 33. Rc1 Rc4 34. Kf2 Rxb4 35. Ke3 Bb5 36. Nxb5 axb5 37. Rc8+ Kh7 38. Rc7 Kg6 39. Ke4 Rc4 40. Rxc4 bxc4 41. Ke3 Kf5 42. g3 e5 43. d5 Kf6 44. Kd2 Ke7 45. Kc3 Kd6 46. Kxc4 f6 47. f4 e4 48. Kd4 e3 49. Kxe3 Kxd5 50. Kf3 f5 51. g4 g6 52. h4 h5 53. gxf5 gxf5 54. Ke3 Kc4 55. Ke2 Kd4 56. Kd2 Ke4 57. Kc3 Kxf4 58. Kd4 Kg3 59. Ke5 Kxh4 60. Kf4 Kh3 61. Kf3 h4 62. Kf2 Kg4 63. Kg2 f4 64. Kh1 Kg3 65. Kg1 f3 66. Kh1 Kf2 67. Kh2 Ke2 68. Kh3 f2 0-1